000 00307 a2200145 4500
001 162512
020 _a
040 _cMagnum
100 _aGesell, Arnold
240 1 0 _aA crianca dos 0 aos 5 anos
_lpor
245 1 0 _aA crianca dos 0 aos 5 anos
362 0 _a1899
697 _aSEM ASSUNTO
942 _cBK
999 _c162512
_d162512